000 00530nam a2200217Ia 4500
003 OSt
005 20220928145722.0
006 a|||||r|||| 00| 0
007 ta
008 220927b |||||||| |||| 00| 0 eng d
024 _a82554
037 _cTextual
040 _aSDCL
_cSDCL
_beng
041 _2eng
_aeng
082 _aXx, L4
100 _aPlant Arnold
_9514429
245 0 _aSelected economic essays and addresses.
260 _c1974
942 _hXx, L4
_cTEXL
_2CC
999 _c835199
_d835199